| 000 | 00510nam a2200229Ia 4500 | ||
|---|---|---|---|
| 003 | 0100 | ||
| 008 | 130307s9999 xx 000 0 und d | ||
| 020 | _a0753817527 | ||
| 040 | _cARRUPELIB | ||
| 050 | _aBP182.L48 2003 | ||
| 100 | _aLewis, Bernard | ||
| 245 | 4 | _aThe crisis of Islam | |
| 245 | _bholy war and unholy terror | ||
| 260 | _aLondon | ||
| 260 | _bPhoenix | ||
| 260 | _c2003 | ||
| 300 | _a157p. | ||
| 300 | _b20cm. | ||
| 650 | _aRELIGION | ||
| 650 | _btheology, doctrinal | ||
| 942 | 0 | 0 | _02 |
| 999 |
_c96161 _d96161 |
||